Introducción a la ciencia de la comunicación

Furkejuvvon:
Bibliográfalaš dieđut
Váldodahkkit: Beth, Hanno (Dahkki), Pross, Harry (Dahkki)
Materiálatiipa: Girji
Giella:espánnjágiella
Almmustuhtton: Barcelona Anthropos 1987
Ráidu:Conciencia y libertad, 5
Fáttát:
Fáddágilkorat: Lasit fáddágilkoriid
Eai fáddágilkorat, Lasit vuosttaš fáddágilkora!

MARC

LEADER 00000nam a2200000 a 4500
001 UCY3491
003 CL-VaPUC
008 950103e19870000SP |||||||||||||||||spa|d
082 0 4 |a 302.2  |b BET  |2 21 
100 0 |a Beth, Hanno  |e author  |9 331775 
700 0 |a Pross, Harry  |e author  |9 331776 
245 1 0 |a Introducción a la ciencia de la comunicación 
300 |a 179 p 
942 |c BK 
945 |d 19950103 00:00:00  |a rbrito 
260 |a Barcelona  |b Anthropos  |c 1987 
650 0 |a Comunicación   |9 257251 
583 |a last modification  |c 19950103 00:00:00  |k Rodrigo Vera 
490 0 |a Conciencia y libertad, 5 
999 |c 231608  |d 231606 
952 |0 0  |1 0  |2 ddc  |4 0  |6 302_200000000000000_BET_1987  |7 0  |8 A  |9 235039  |a BIBCUR  |b BIBCUR  |c PAC  |d 2019-11-15  |i 3047555  |o 302.2 BET 1987  |p 3047555  |r 2025-04-22  |w 2019-11-15  |y BK  |k PER 
952 |0 0  |1 0  |4 0  |6 302_200000000000000_BET_1987  |7 0  |8 A  |9 235040  |a FDOPOS  |b FDOPOS  |d 2019-11-15  |i 3688631  |o 302.2 BET 1987  |p 3688631  |r 2025-01-22  |w 2019-11-15  |y BK  |k MLA 
952 |0 0  |1 0  |4 0  |6 302_200000000000000_BET_1987  |7 0  |8 A  |9 235041  |a FDOPOS  |b FDOPOS  |d 2019-11-15  |i 368864K  |o 302.2 BET 1987  |p 368864K  |r 2025-01-22  |w 2019-11-15  |y BK  |k MLA